00399nam a2200121Ia 4500008004100000245013800041260001700179260000900196300000800205650002300213650001200236856002900248170516s9999 xx 000 0 und d aShuiqin Niu, Ling-Kun Zhang, Li Zhang, Siyi Zhuang, Xiuyu Zhan, Wu-Ya Chen, Shiwei Du, Liang Yin, Rong You, Chu-Hua Li, Yan-Qing Guan bTheranostics c2017 a7:2 xMedical Technology xMedtech uhttp://www.thno.org/v7i2